000 00710nam a2200253Ia 4500
003 OSt
005 20220918163432.0
006 a|||||r|||| 00| 0
007 ta
008 220917b |||||||| |||| 00| 0 eng d
020 _a0 85142 441 4 (pb)
024 _a224,138
037 _cTextual
040 _aARTS
_cARTS
_beng
041 _2eng
_aeng
082 _aD65,8(B):71, P1
100 _aBlackmore Paul
_913149
245 0 _aIntranets
_b A guide to their design, implementation and management
260 _aLondon
_bAslib IMI
_c2001
300 _axv, 188p.
_ccm.
650 _aENGINEERING
_92968
942 _hD65,8(B):71, P1
_cTEXL
_2CC
999 _c119595
_d119595